000 00176 a2200097 4500
041 _aeng
100 _aanonimo
245 _aBeautiful Holiday Ideas
942 _cBK
952 _71
999 _c23018
_d23018